| 000 | 02176nam a2200433 a 4500 | ||
|---|---|---|---|
| 001 | ebr10520584 | ||
| 003 | CaPaEBR | ||
| 006 | m u | ||
| 007 | cr cn||||||||| | ||
| 008 | 070126s2006 lauab sb 001 0 eng d | ||
| 010 | _z 2004008640 | ||
| 020 | _z9780807132005 (pbk. alk. paper) | ||
| 020 | _z0807132004 (pbk. alk. paper) | ||
| 020 | _z9780807147818 (e-book) | ||
| 040 |
_aCaPaEBR _cCaPaEBR |
||
| 035 | _a(OCoLC)774295476 | ||
| 043 | _an-us-la | ||
| 050 | 1 | 4 |
_aGF504.L8 _bC65 2006eb |
| 082 | 0 | 4 |
_a304.2/80976335 _222 |
| 100 | 1 | _aColten, Craig E. | |
| 245 | 1 | 3 |
_aAn unnatural metropolis _h[electronic resource] : _bwresting New Orleans from nature / _cCraig E. Colten ; with a new preface by the author. |
| 250 | _aLouisiana pbk. ed. | ||
| 260 |
_aBaton Rouge : _bLouisiana State University Press, _c2006. |
||
| 300 |
_axx, 245 p. : _bill., maps. |
||
| 504 | _aIncludes bibliographical references (p. 193-236) and index. | ||
| 505 | 0 | _aIntroduction: The city and the environment -- Water hazards -- Remaking the environment -- Inequity and the environment -- Environment comes to the fore -- Combating new flood hazards -- Reintroducing wetland environments -- Epilogue. | |
| 533 |
_aElectronic reproduction. _bPalo Alto, Calif. : _cebrary, _d2012. _nAvailable via World Wide Web. _nAccess may be limited to ebrary affiliated libraries. |
||
| 650 | 0 |
_aHuman ecology _zLouisiana _zNew Orleans Metropolitan Area. |
|
| 650 | 0 |
_aUrban ecology (Sociology) _zLouisiana _zNew Orleans Metropolitan Area. |
|
| 650 | 0 |
_aWetland ecology _zLouisiana _zNew Orleans Metropolitan Area. |
|
| 650 | 0 |
_aRiver engineering _zLouisiana _zNew Orleans Metropolitan Area. |
|
| 650 | 0 |
_aFlood routing _zLouisiana _zNew Orleans Metropolitan Area. |
|
| 650 | 0 |
_aWater levels _zLouisiana _zNew Orleans Metropolitan Area. |
|
| 651 | 0 |
_aNew Orleans Metropolitan Area (La.) _xSocial conditions. |
|
| 651 | 0 |
_aNew Orleans Metropolitan Area (La.) _xEnvironmental conditions. |
|
| 655 | 7 |
_aElectronic books. _2local |
|
| 710 | 2 | _aebrary, Inc. | |
| 856 | 4 | 0 |
_uhttp://site.ebrary.com/lib/rucke/Doc?id=10520584 _zAn electronic book accessible through the World Wide Web; click to view |
| 999 |
_c141768 _d141768 |
||